[Event "36. Abierto Ciudad de Sevilla"]
[Site "Sevilla ESP"]
[Date "2011.01.12"]
[Round "6.20"]
[White "Mirzoev, Azer"]
[Black "Muñoz Martin, Pablo"]
[Result "1-0"]
[WhiteElo "2563"]
[BlackElo "2241"]
[PlyCount "155"]
[EventDate "2011.01.07"]
[EventType "swiss"]
[EventRounds "9"]
[EventCountry "ESP"]
[Source "lmi"]
[SourceDate "2011.01.07"]

1. d4 c5 2. d5 d6 3. e4 Nf6 4. Nc3 g6 5. Bb5+ Nfd7 6. a4 Bg7 7. Nf3 O-O 8. O-O
Nf6 9. h3 e6 10. dxe6 Bxe6 11. Ng5 Bc8 12. Bf4 Nh5 13. Be3 Nc6 14. Bc4 h6 15.
Nf3 Be6 16. Bd5 Qb6 17. Bxe6 fxe6 18. Qxd6 Nd4 19. Qxb6 Nxf3+ 20. gxf3 axb6 21.
Kg2 Rf7 22. Ne2 Raf8 23. f4 g5 24. fxg5 hxg5 25. Rad1 Be5 26. b3 Nf4+ 27. Bxf4
gxf4 28. Kf3 Rh7 29. Rh1 Kg7 30. Rd7+ Kh6 31. Rxh7+ Kxh7 32. Rd1 Rf7 33. Rd8
Kg6 34. Rg8+ Bg7 35. Rc8 Kf6 36. Nc1 Ke5 37. Rd8 Bh6 38. Nd3+ Kf6 39. Rd6 c4
40. bxc4 Rc7 41. Nxf4 Bxf4 42. Kxf4 Rxc4 43. Rxb6 Rxa4 44. Rxb7 Rc4 45. Rb2 e5+
46. Ke3 Rc3+ 47. Kd2 Rxh3 48. Rb3 Rh4 49. Rf3+ Ke6 50. Kd3 Rh8 51. Rg3 Rd8+ 52.
Ke2 Rd4 53. f3 Rc4 54. Kd2 Rd4+ 55. Kc3 Rd8 56. Rg6+ Ke7 57. Rh6 Rf8 58. Rh3
Ke6 59. Kd2 Rd8+ 60. Kc1 Kf6 61. Rg3 Rc8 62. Rg1 Ra8 63. Rg2 Rc8 64. Rd2 Kg5
65. Rd3 Kf4 66. c3 Rc7 67. Kc2 Rc8 68. Kb2 Rb8+ 69. Kc2 Rc8 70. Kd2 Rc7 71. Ke2
Rc8 72. Kd2 Rc7 73. Rd8 Kxf3 74. Kd3 Rf7 75. c4 Kf2 76. c5 Rf3+ 77. Kc4 Ra3 78.
Rd3 1-0

[Event "36. Abierto Ciudad de Sevilla"]
[Site "Sevilla ESP"]
[Date "2011.01.13"]
[Round "7.2"]
[White "Corrales Jimenez, Fidel"]
[Black "Haslinger, Stewart G"]
[Result "1/2-1/2"]
[WhiteElo "2591"]
[BlackElo "2536"]
[PlyCount "168"]
[EventDate "2011.01.07"]
[EventType "swiss"]
[EventRounds "9"]
[EventCountry "ESP"]
[Source "lmi"]
[SourceDate "2011.01.07"]

1. d4 d5 2. c4 c6 3. Nc3 Nf6 4. Nf3 a6 5. cxd5 cxd5 6. Bf4 Nc6 7. Rc1 Bf5 8. e3
Rc8 9. Be2 e6 10. O-O Bd6 11. Bxd6 Qxd6 12. Na4 O-O 13. Nc5 Qe7 14. Qb3 Rc7 15.
Rc3 Bg4 16. Rfc1 e5 17. dxe5 Nxe5 18. Nxe5 Bxe2 19. Ncd3 Rfc8 20. h3 h6 21. a4
Qd6 22. R1c2 Rxc3 23. Rxc3 Re8 24. Qxb7 Rxe5 25. Nxe5 Qxe5 26. Rc8+ Kh7 27.
Qxf7 Qxb2 28. Rc7 Qb1+ 29. Kh2 Qg6 30. Qxg6+ Kxg6 31. f3 Bd1 32. a5 Ba4 33. g4
Nd7 34. Kg3 Kf6 35. f4 g6 36. Rc8 Bb5 37. h4 h5 38. g5+ Ke6 39. Kf3 Kf5 40. Re8
Bc4 41. Kg3 Bd3 42. Re7 Bb5 43. Kf3 Ba4 44. Re8 Bb5 45. Rc8 Ba4 46. Kg3 Bb5 47.
Kf3 Ba4 48. Ke2 Bb5+ 49. Kd2 d4 50. exd4 Kxf4 51. Rg8 Kg4 52. Ke3 Kf5 53. Rc8
Ba4 54. Rg8 Bb5 55. d5 Ne5 56. Rf8+ Kg4 57. Ke4 Nd7 58. Rf6 Nc5+ 59. Kd4 Nd7
60. Rxg6 Kxh4 61. Rg8 Kg4 62. d6 h4 63. Kd5 Kf5 64. Rg7 h3 65. Rh7 Kxg5 66.
Rxh3 Nf6+ 67. Ke5 Bd7 68. Rf3 Ng4+ 69. Kd4 Nf6 70. Re3 Kf5 71. Re5+ Kf4 72. Re7
Bb5 73. Rb7 Bd7 74. Rb1 Kf5 75. Re1 Ba4 76. Re5+ Kg6 77. Re3 Kf5 78. Re7 Nd7
79. Kc4 Bb5+ 80. Kd5 Nf6+ 81. Kd4 Nd7 82. Re3 Ba4 83. Re7 Bb5 84. Re3 Ba4
1/2-1/2

[Event "36. Abierto Ciudad de Sevilla"]
[Site "Sevilla ESP"]
[Date "2011.01.13"]
[Round "7.7"]
[White "Burgos Figueroa, Carlos Ernesto"]
[Black "Starostits, Ilmars"]
[Result "0-1"]
[WhiteElo "2280"]
[BlackElo "2494"]
[PlyCount "72"]
[EventDate "2011.01.07"]
[EventType "swiss"]
[EventRounds "9"]
[EventCountry "ESP"]
[Source "lmi"]
[SourceDate "2011.01.07"]

1. e4 c5 2. Nf3 d6 3. d4 cxd4 4. Nxd4 Nf6 5. Nc3 g6 6. Be3 Bg7 7. f3 Nc6 8. Qd2
h5 9. O-O-O Bd7 10. h3 h4 11. Be2 Rc8 12. f4 Qc7 13. Rhf1 Nxe4 14. Nxe4 Nxd4
15. Bxd4 Bxd4 16. c3 Bg7 17. Kb1 Qb6 18. Ka1 O-O 19. Bd3 Qa5 20. Rc1 Be6 21.
Bb1 Bc4 22. Rf3 Rc6 23. a3 d5 24. Nf2 d4 25. Ng4 Bd5 26. Rd3 dxc3 27. Rcxc3
Rxc3 28. bxc3 Qxa3+ 29. Ba2 Bc4 30. Rf3 Bxa2 31. Qxa2 Bxc3+ 32. Kb1 Qb4+ 33.
Kc2 Bg7 34. Kd1 Rd8+ 35. Ke2 Qe4+ 36. Kf2 Rd1 0-1

[Event "36. Abierto Ciudad de Sevilla"]
[Site "Sevilla ESP"]
[Date "2011.01.13"]
[Round "7.13"]
[White "Kovacevic, Slobodan"]
[Black "Rizouk, Aimen"]
[Result "0-1"]
[WhiteElo "2330"]
[BlackElo "2539"]
[PlyCount "76"]
[EventDate "2011.01.07"]
[EventType "swiss"]
[EventRounds "9"]
[EventCountry "ESP"]
[Source "lmi"]
[SourceDate "2011.01.07"]

1. d4 Nf6 2. Nf3 e6 3. Bf4 c5 4. e3 Qb6 5. Qc1 Nc6 6. c3 Nh5 7. Bg3 Nxg3 8.
hxg3 d5 9. Nbd2 Bd7 10. Qb1 g6 11. Nb3 Rc8 12. Be2 cxd4 13. exd4 Bd6 14. Qd1 f6
15. Nh2 Kf7 16. Ng4 h5 17. Ne3 Ne7 18. Qd2 Nf5 19. Nxf5 exf5 20. O-O-O Ba4 21.
Bf3 Bxb3 22. axb3 Qxb3 23. Qc2 Qa2 24. Kd2 Bf8 25. Ke2 Ba3 26. Rb1 Rhe8+ 27.
Kd1 Bf8 28. Be2 Re4 29. Bd3 Rxd4 30. Ke2 Re8+ 31. Kd2 Rg4 32. Rh4 Rxh4 33. gxh4
d4 34. g3 Bh6+ 35. Kd1 dxc3 36. Qxc3 Qd5 37. Qc4 Qxc4 38. Bxc4+ Kg7 0-1

[Event "36. Abierto Ciudad de Sevilla"]
[Site "Sevilla ESP"]
[Date "2011.01.13"]
[Round "7.14"]
[White "Torres Ventosa, Pedro Eugenio"]
[Black "Teske, Henrik"]
[Result "0-1"]
[WhiteElo "2290"]
[BlackElo "2520"]
[PlyCount "78"]
[EventDate "2011.01.07"]
[EventType "swiss"]
[EventRounds "9"]
[EventCountry "ESP"]
[Source "lmi"]
[SourceDate "2011.01.07"]

1. e4 Nf6 2. e5 Nd5 3. d4 d6 4. Nf3 Bg4 5. Be2 c6 6. O-O Nd7 7. exd6 exd6 8. h3
Bh5 9. c4 N5b6 10. Nc3 Be7 11. b3 O-O 12. Bb2 Re8 13. Ne4 d5 14. cxd5 Nxd5 15.
Ng3 Bg6 16. Bc4 Bd6 17. Bxd5 cxd5 18. Re1 Bxg3 19. fxg3 Be4 20. Qd2 Qf6 21. Rf1
Qa6 22. Qf4 f6 23. g4 Nf8 24. g5 Ne6 25. Qg3 Rf8 26. gxf6 Rxf6 27. Ne5 Raf8 28.
Rxf6 Rxf6 29. Nd7 Rf7 30. Ne5 Rf5 31. Ng4 Nf4 32. Kh2 Nxg2 33. Ba3 Nf4 34. Re1
h5 35. Ne3 Rf7 36. Rf1 Qxa3 37. Rxf4 Qc1 38. Qf2 h4 39. Ng2 Bxg2 0-1

[Event "36. Abierto Ciudad de Sevilla"]
[Site "Sevilla ESP"]
[Date "2011.01.13"]
[Round "7.15"]
[White "Campora, Daniel H"]
[Black "Lanzani, Mario"]
[Result "1-0"]
[WhiteElo "2488"]
[BlackElo "2359"]
[PlyCount "103"]
[EventDate "2011.01.07"]
[EventType "swiss"]
[EventRounds "9"]
[EventCountry "ESP"]
[Source "lmi"]
[SourceDate "2011.01.07"]

1. e4 e5 2. Nf3 Nc6 3. d4 exd4 4. Nxd4 Nf6 5. Nxc6 bxc6 6. Bd3 d5 7. exd5 cxd5
8. O-O Be7 9. c4 O-O 10. Nc3 Be6 11. cxd5 Nxd5 12. Nxd5 Bxd5 13. Qc2 h6 14. Bf4
c6 15. Rad1 Bf6 16. b3 Qa5 17. h3 Qb4 18. Bc4 Rad8 19. Be3 Bxc4 20. Qxc4 Qxc4
21. bxc4 a6 22. g4 Rxd1 23. Rxd1 Rb8 24. Rd6 Rb2 25. a4 Rb4 26. Rxc6 Rxa4 27.
Kg2 a5 28. Kf3 Bg5 29. Bd4 Bf6 30. Rc8+ Kh7 31. Bxf6 gxf6 32. Ke4 Ra1 33. Kd4
Rd1+ 34. Kc5 Rf1 35. Kb5 Rxf2 36. c5 f5 37. c6 f4 38. Rd8 Rb2+ 39. Kxa5 Rc2 40.
Kb6 Rb2+ 41. Ka7 Rc2 42. Kb7 f3 43. c7 f2 44. Rd1 Rb2+ 45. Kc6 Rc2+ 46. Kd7
Rd2+ 47. Rxd2 f1=Q 48. c8=Q Qxh3 49. Qc2+ Kg7 50. Qe4 Qa3 51. Qd4+ Kg8 52. Re2
1-0

[Event "36. Abierto Ciudad de Sevilla"]
[Site "Sevilla ESP"]
[Date "2011.01.13"]
[Round "7.16"]
[White "Das, Arghyadip"]
[Black "Barrero Garcia, Carlos"]
[Result "1-0"]
[WhiteElo "2479"]
[BlackElo "2395"]
[PlyCount "59"]
[EventDate "2011.01.07"]
[EventType "swiss"]
[EventRounds "9"]
[EventCountry "ESP"]
[Source "lmi"]
[SourceDate "2011.01.07"]

1. e4 e6 2. d4 d5 3. Nc3 Bb4 4. e5 c5 5. a3 Ba5 6. Bd2 cxd4 7. Nb5 Bc7 8. f4
Nh6 9. Nf3 Nc6 10. Bd3 Bb8 11. Qe2 f6 12. O-O-O Nf7 13. Nbxd4 O-O 14. Nxc6 bxc6
15. h4 c5 16. exf6 Qxf6 17. Ng5 g6 18. h5 Bxf4 19. Nxh7 Kxh7 20. hxg6+ Kg8 21.
gxf7+ Rxf7 22. Bxf4 Qxf4+ 23. Kb1 Rb8 24. Qh5 Qf6 25. b3 Qg7 26. Rdf1 Rxf1+ 27.
Rxf1 Bd7 28. Bg6 Rf8 29. Bh7+ Kh8 30. Rxf8+ 1-0

[Event "36. Abierto Ciudad de Sevilla"]
[Site "Sevilla ESP"]
[Date "2011.01.13"]
[Round "7.19"]
[White "Piasetski, Leon"]
[Black "Blanco Perez, David"]
[Result "1-0"]
[WhiteElo "2303"]
[BlackElo "2119"]
[PlyCount "77"]
[EventDate "2011.01.07"]
[EventType "swiss"]
[EventRounds "9"]
[EventCountry "ESP"]
[Source "lmi"]
[SourceDate "2011.01.07"]

1. c4 Nc6 2. Nc3 Nf6 3. d4 e5 4. d5 Ne7 5. Nf3 Ng6 6. h4 h5 7. a3 a5 8. Rb1 d6
9. Ng5 Be7 10. g3 Nh7 11. Nxh7 Rxh7 12. e4 Bg4 13. f3 Bd7 14. b3 Bf6 15. Be3
Kf8 16. Qd2 b6 17. Bd3 Qe7 18. Ke2 Rh8 19. b4 axb4 20. axb4 Qd8 21. c5 Kg8 22.
c6 Bc8 23. Ra1 Rxa1 24. Rxa1 Bxh4 25. gxh4 Qxh4 26. Ra8 Kh7 27. Qe1 Qh2+ 28.
Qf2 Nf4+ 29. Kd2 Qh1 30. Bxf4 exf4 31. e5+ g6 32. exd6 cxd6 33. Ne4 h4 34. Ng5+
Kg7 35. Qd4+ f6 36. Ra7+ Kh6 37. Qxf6 Qg2+ 38. Kc3 Bf5 39. Nf7+ 1-0

[Event "36. Abierto Ciudad de Sevilla"]
[Site "Sevilla ESP"]
[Date "2011.01.14"]
[Round "8.1"]
[White "Haslinger, Stewart G"]
[Black "Gonzalez Garcia, Jose"]
[Result "1/2-1/2"]
[WhiteElo "2536"]
[BlackElo "2503"]
[PlyCount "69"]
[EventDate "2011.01.07"]
[EventType "swiss"]
[EventRounds "9"]
[EventCountry "ESP"]
[Source "lmi"]
[SourceDate "2011.01.07"]

1. e4 e6 2. d4 d5 3. Nd2 c5 4. Ngf3 cxd4 5. exd5 Qxd5 6. Bc4 Qd6 7. O-O Nf6 8.
Nb3 Nc6 9. Nbxd4 Nxd4 10. Nxd4 a6 11. Re1 Qc7 12. Qe2 Bd6 13. Bg5 O-O 14. Bd3
Bxh2+ 15. Kf1 Bf4 16. Bxf6 gxf6 17. g3 Rd8 18. Qe4 f5 19. Nxf5 exf5 20. Qxf4
Qxf4 21. gxf4 Be6 22. Re5 Rd4 23. Bxf5 Bxf5 24. Rxf5 Rc8 25. Re1 Rxc2 26. Re8+
Kg7 27. Re7 Rdd2 28. Rfxf7+ Kg6 29. Rg7+ Kf6 30. Rgf7+ Kg6 31. f5+ Kg5 32. Rg7+
Kf6 33. Ref7+ Ke5 34. Re7+ Kf6 35. Rgf7+ 1/2-1/2

[Event "36. Abierto Ciudad de Sevilla"]
[Site "Sevilla ESP"]
[Date "2011.01.14"]
[Round "8.2"]
[White "Starostits, Ilmars"]
[Black "Sengupta, Deep"]
[Result "0-1"]
[WhiteElo "2494"]
[BlackElo "2530"]
[PlyCount "76"]
[EventDate "2011.01.07"]
[EventType "swiss"]
[EventRounds "9"]
[EventCountry "ESP"]
[Source "lmi"]
[SourceDate "2011.01.07"]

1. e4 e6 2. d4 d5 3. Nc3 Bb4 4. e5 c5 5. a3 Bxc3+ 6. bxc3 Ne7 7. Qg4 Qc7 8.
Qxg7 Rg8 9. Qxh7 cxd4 10. Ne2 Nbc6 11. f4 Bd7 12. Qd3 dxc3 13. Rb1 O-O-O 14.
Nxc3 Na5 15. Nb5 Bxb5 16. Rxb5 Kb8 17. Be3 Nf5 18. Bf2 d4 19. Rg1 Ne3 20. Be2
Nxg2+ 21. Kf1 Nxf4 22. Rxg8 Nxd3 23. Rxd8+ Qxd8 24. cxd3 a6 25. Rb2 Qc7 26. Rb1
Qc2 27. Re1 Nb3 28. h4 Nc1 29. Bxd4 Nxe2 30. Rxe2 Qxd3 31. Be3 b5 32. Kf2 Kb7
33. Bc5 Qc4 34. Be7 Qf4+ 35. Ke1 a5 36. Bg5 Qg3+ 37. Kd2 Qxa3 38. h5 Qb4+ 0-1

[Event "36. Abierto Ciudad de Sevilla"]
[Site "Sevilla ESP"]
[Date "2011.01.14"]
[Round "8.3"]
[White "Fernandez Romero, Ernesto"]
[Black "Spraggett, Kevin"]
[Result "1/2-1/2"]
[WhiteElo "2453"]
[BlackElo "2575"]
[PlyCount "128"]
[EventDate "2011.01.07"]
[EventType "swiss"]
[EventRounds "9"]
[EventCountry "ESP"]
[Source "lmi"]
[SourceDate "2011.01.07"]

1. e4 c5 2. c3 d6 3. d4 Qc7 4. Nf3 g6 5. h3 Bg7 6. Be3 Nd7 7. Nbd2 Ngf6 8. Bd3
O-O 9. O-O b6 10. Qe2 Bb7 11. Rfe1 Rae8 12. a4 e5 13. dxe5 Nxe5 14. Nxe5 Rxe5
15. Bf4 Re6 16. Qf1 Rfe8 17. Red1 Nh5 18. Bh2 Be5 19. f4 Nxf4 20. Bxf4 Rf6 21.
g3 g5 22. Nf3 gxf4 23. g4 h5 24. gxh5 Kh8 25. Rd2 c4 26. Bc2 Bc8 27. Nxe5 dxe5
28. Qf3 Qc5+ 29. Kh2 Qe3 30. Qxe3 fxe3 31. Rg2 Rg8 32. Rxg8+ Kxg8 33. Rg1+ Kh7
34. Bd1 Rf2+ 35. Kg3 Bb7 36. Re1 Bxe4 37. Rxe3 Rg2+ 38. Kh4 f5 39. Be2 Kh6 40.
Bxc4 Rxb2 41. Re1 Rd2 42. a5 bxa5 43. Ra1 Bd5 44. Bb5 Ba2 45. Rg1 Bf7 46. Ra1
a6 47. Bxa6 Ra2 48. Rd1 Bxh5 49. Rd6+ Bg6 50. Bb5 Rg2 51. c4 f4 52. c5 Kg7 53.
c6 Bf5 54. c7 Rc2 55. Kg5 Bc8 56. Bc6 Bxh3 57. Bd7 Rxc7 58. Bxh3 a4 59. Ra6 f3
60. Rxa4 f2 61. Ra2 Rf7 62. Bf1 e4 63. Re2 Re7 64. Rxf2 Rf7 1/2-1/2

[Event "36. Abierto Ciudad de Sevilla"]
[Site "Sevilla ESP"]
[Date "2011.01.14"]
[Round "8.4"]
[White "Razmyslov, Alexander"]
[Black "Corrales Jimenez, Fidel"]
[Result "0-1"]
[WhiteElo "2439"]
[BlackElo "2591"]
[PlyCount "76"]
[EventDate "2011.01.07"]
[EventType "swiss"]
[EventRounds "9"]
[EventCountry "ESP"]
[Source "lmi"]
[SourceDate "2011.01.07"]

1. d4 Nf6 2. c4 c5 3. Nf3 cxd4 4. Nxd4 Nc6 5. Nc3 e6 6. a3 Bc5 7. e3 O-O 8. Be2
a6 9. O-O d5 10. cxd5 exd5 11. Nxc6 bxc6 12. Qa4 Bd7 13. Qh4 a5 14. Bd3 Re8 15.
Bd2 h6 16. Rae1 Rb8 17. Bc1 Bd6 18. h3 c5 19. Rd1 Bc6 20. Bc2 Be5 21. Ba4 Bxa4
22. Nxa4 c4 23. f3 Qc7 24. Nc3 d4 25. f4 dxc3 26. fxe5 Qxe5 27. bxc3 Ne4 28.
Rd7 Rb1 29. Qe1 Ng3 30. Rf2 Qxe3 31. Qxe3 Rxe3 32. Rfxf7 Rxc1+ 33. Kf2 Rf1+ 34.
Kxe3 Rxf7 35. Rxf7 Kxf7 36. Kd4 Ke6 37. Kxc4 Ne2 38. a4 Kd6 0-1

[Event "36. Abierto Ciudad de Sevilla"]
[Site "Sevilla ESP"]
[Date "2011.01.14"]
[Round "8.5"]
[White "Mirzoev, Azer"]
[Black "Khamrakulov, Ibragim S"]
[Result "1-0"]
[WhiteElo "2563"]
[BlackElo "2494"]
[PlyCount "55"]
[EventDate "2011.01.07"]
[EventType "swiss"]
[EventRounds "9"]
[EventCountry "ESP"]
[Source "lmi"]
[SourceDate "2011.01.07"]

1. Nf3 Nf6 2. d4 e6 3. c4 b6 4. Nc3 Bb4 5. Qc2 Bb7 6. Bg5 h6 7. Bh4 c5 8. e3
O-O 9. dxc5 bxc5 10. Bd3 d5 11. cxd5 exd5 12. O-O Nbd7 13. Rfd1 Qc7 14. Rac1 a6
15. Bf5 c4 16. Bg3 Qd8 17. e4 Bxc3 18. Qxc3 Re8 19. exd5 Ne4 20. Qd4 Nxg3 21.
hxg3 Nf6 22. d6 Be4 23. Bh3 Bd5 24. d7 Re4 25. Qc5 Be6 26. Ne5 Bxh3 27. gxh3
Nxd7 28. Nxd7 1-0

[Event "36. Abierto Ciudad de Sevilla"]
[Site "Sevilla ESP"]
[Date "2011.01.14"]
[Round "8.6"]
[White "Matamoros Franco, Carlos S"]
[Black "Saric, Ante"]
[Result "1/2-1/2"]
[WhiteElo "2545"]
[BlackElo "2482"]
[PlyCount "73"]
[EventDate "2011.01.07"]
[EventType "swiss"]
[EventRounds "9"]
[EventCountry "ESP"]
[Source "lmi"]
[SourceDate "2011.01.07"]

1. c4 e6 2. g3 d5 3. Bg2 Nf6 4. Nf3 dxc4 5. Na3 Qd5 6. O-O Nc6 7. Ne1 Qc5 8. d3
cxd3 9. Nxd3 Qe7 10. Bxc6+ bxc6 11. Qc2 Qd8 12. Ne5 Bxa3 13. Qxc6+ Bd7 14. Nxd7
Nxd7 15. bxa3 O-O 16. Be3 Nb6 17. Rac1 Qd5 18. Qxd5 Nxd5 19. Bd4 Rfd8 20. Rc2
Rd6 21. Rfc1 h6 22. e4 Nb4 23. axb4 Rxd4 24. Rc4 Rd2 25. a3 a5 26. b5 Rb2 27.
a4 Rd8 28. Rxc7 Rdd2 29. Rf1 Rd4 30. Ra7 Rxa4 31. Rc1 Rxb5 32. Rc8+ Kh7 33.
Rxf7 Rxe4 34. Rcc7 Rg4 35. Ra7 Rg6 36. Kg2 Rf5 37. Rxf5 1/2-1/2

[Event "36. Abierto Ciudad de Sevilla"]
[Site "Sevilla ESP"]
[Date "2011.01.14"]
[Round "8.8"]
[White "Teran Alvarez, Ismael"]
[Black "Abbasov, Farid"]
[Result "0-1"]
[WhiteElo "2432"]
[BlackElo "2537"]
[PlyCount "52"]
[EventDate "2011.01.07"]
[EventType "swiss"]
[EventRounds "9"]
[EventCountry "ESP"]
[Source "lmi"]
[SourceDate "2011.01.07"]

1. e4 g6 2. d4 Bg7 3. Nf3 d6 4. Bc4 a6 5. O-O e6 6. Bb3 Nd7 7. Re1 b6 8. Nbd2
Bb7 9. Nf1 Ne7 10. c3 h6 11. Ng3 O-O 12. h4 Nf6 13. h5 g5 14. Bc2 c5 15. Nxg5
hxg5 16. Bxg5 Nh7 17. Be3 cxd4 18. cxd4 Kh8 19. h6 Bf6 20. Nh5 Rg8 21. Nxf6
Nxf6 22. Qf3 Nf5 23. Qf4 Rg4 24. exf5 Rxf4 25. Bxf4 Qg8 26. g3 Qg4 0-1

[Event "36. Abierto Ciudad de Sevilla"]
[Site "Sevilla ESP"]
[Date "2011.01.14"]
[Round "8.9"]
[White "Teske, Henrik"]
[Black "Alonso Garcia, Rene Marcial"]
[Result "1-0"]
[WhiteElo "2520"]
[BlackElo "2403"]
[PlyCount "119"]
[EventDate "2011.01.07"]
[EventType "swiss"]
[EventRounds "9"]
[EventCountry "ESP"]
[Source "lmi"]
[SourceDate "2011.01.07"]

1. Nf3 Nf6 2. c4 e6 3. Nc3 d5 4. d4 Bb4 5. cxd5 exd5 6. Bg5 Nbd7 7. Rc1 c6 8.
a3 Bd6 9. e3 O-O 10. Bd3 Re8 11. O-O Nf8 12. Qc2 Ng6 13. Rfe1 Bg4 14. Nh4 Be7
15. h3 Bd7 16. Nxg6 hxg6 17. Bf4 Be6 18. Na4 Nd7 19. b4 Nb6 20. Nc5 Bxc5 21.
bxc5 Nc4 22. Qc3 b5 23. Bxc4 dxc4 24. e4 Qd7 25. Rcd1 a5 26. Qf3 Qb7 27. d5 Bd7
28. Qc3 f6 29. a4 Qa6 30. axb5 cxb5 31. c6 b4 32. Qc2 Bc8 33. g4 b3 34. Qc3 Qb5
35. Bd6 a4 36. Ba3 Rb8 37. Rd2 Qa6 38. Kg2 Kh7 39. Rd4 b2 40. Bxb2 Rb3 41. Qc2
Qb5 42. Ba1 Ba6 43. c7 Qa5 44. d6 Qxe1 45. Rd1 Qa5 46. d7 Rc8 47. d8=Q c3 48.
Rd5 Qb4 49. Qd6 Qc4 50. Kh2 Rxc7 51. Rd4 Qf1 52. Rd1 Qc4 53. Qd4 Qb5 54. e5 Rc4
55. Qe3 Bb7 56. Qg3 Be4 57. Qe2 g5 58. Bxc3 Rbxc3 59. Qxc3 Qc5 60. Qxe4+ 1-0

[Event "36. Abierto Ciudad de Sevilla"]
[Site "Sevilla ESP"]
[Date "2011.01.14"]
[Round "8.10"]
[White "Paunovic, Dragan"]
[Black "Pogorelov, Ruslan"]
[Result "1-0"]
[WhiteElo "2509"]
[BlackElo "2427"]
[PlyCount "57"]
[EventDate "2011.01.07"]
[EventType "swiss"]
[EventRounds "9"]
[EventCountry "ESP"]
[Source "lmi"]
[SourceDate "2011.01.07"]

1. Nf3 Nf6 2. c4 e6 3. g3 d5 4. Bg2 dxc4 5. Qa4+ c6 6. Qxc4 b5 7. Qc2 Bb7 8.
O-O Nbd7 9. d3 Rc8 10. b3 Be7 11. Bb2 O-O 12. Nbd2 c5 13. Rac1 Nd5 14. Qb1 Bf6
15. d4 cxd4 16. Rxc8 Bxc8 17. Nxd4 Qb6 18. e3 Bb7 19. Rc1 Rd8 20. Ne4 Be7 21.
a3 h6 22. b4 a5 23. bxa5 Qxa5 24. Nc3 N7b6 25. Ndxb5 Na4 26. Nxa4 Qxa4 27. Nc7
Nxc7 28. Bxb7 Qb3 29. Be5 1-0

[Event "36. Abierto Ciudad de Sevilla"]
[Site "Sevilla ESP"]
[Date "2011.01.14"]
[Round "8.11"]
[White "Prados Montano, Antonio"]
[Black "Lemos, Damian"]
[Result "0-1"]
[WhiteElo "2244"]
[BlackElo "2553"]
[PlyCount "72"]
[EventDate "2011.01.07"]
[EventType "swiss"]
[EventRounds "9"]
[EventCountry "ESP"]
[Source "lmi"]
[SourceDate "2011.01.07"]

1. d4 Nf6 2. Nf3 g6 3. c4 Bg7 4. Nc3 d5 5. cxd5 Nxd5 6. Bd2 Nb6 7. e3 O-O 8.
Ne4 N8d7 9. Bc3 Nd5 10. Be2 b6 11. Qa4 Bb7 12. Bb5 Nb8 13. Be2 Nxe3 14. fxe3
Bxe4 15. O-O e6 16. Bb4 Re8 17. Ne5 f5 18. Bf3 Bxf3 19. Rxf3 Bxe5 20. dxe5 Qd7
21. Qc2 Nc6 22. Bc3 Rad8 23. Rc1 Qd5 24. b3 Nxe5 25. Bxe5 Qxe5 26. Re1 c5 27.
h3 Re7 28. Re2 Red7 29. Rf1 Rd3 30. Rfe1 Qc3 31. Qxc3 Rxc3 32. e4 f4 33. e5 g5
34. Rf1 Kg7 35. h4 h6 36. hxg5 hxg5 0-1

[Event "36. Abierto Ciudad de Sevilla"]
[Site "Sevilla ESP"]
[Date "2011.01.14"]
[Round "8.12"]
[White "Barrantes Munoz, Hugo Pedro"]
[Black "Dizdar, Goran"]
[Result "0-1"]
[WhiteElo "2216"]
[BlackElo "2544"]
[PlyCount "40"]
[EventDate "2011.01.07"]
[EventType "swiss"]
[EventRounds "9"]
[EventCountry "ESP"]
[Source "lmi"]
[SourceDate "2011.01.07"]

1. d4 e6 2. Nf3 c5 3. e3 Nf6 4. Bd3 b6 5. b3 Bb7 6. Bb2 Nc6 7. a3 d5 8. Nbd2
Bd6 9. Ne5 O-O 10. f4 Ne7 11. O-O Ne4 12. Nxe4 dxe4 13. Bc4 Nf5 14. Qe2 Qe7 15.
Rfe1 cxd4 16. exd4 f6 17. Nd3 Kh8 18. Qg4 Nh6 19. Qh3 exd3 20. Rxe6 Bc8 0-1

[Event "36. Abierto Ciudad de Sevilla"]
[Site "Sevilla ESP"]
[Date "2011.01.14"]
[Round "8.13"]
[White "Lalic, Bogdan"]
[Black "Barrenechea Bahamonde, Gustavo"]
[Result "1-0"]
[WhiteElo "2491"]
[BlackElo "2215"]
[PlyCount "87"]
[EventDate "2011.01.07"]
[EventType "swiss"]
[EventRounds "9"]
[EventCountry "ESP"]
[Source "lmi"]
[SourceDate "2011.01.07"]

1. d4 d5 2. c4 e6 3. Nf3 c5 4. cxd5 exd5 5. g3 Nc6 6. Bg2 Nf6 7. O-O Be7 8.
dxc5 Bxc5 9. Nc3 O-O 10. Bg5 d4 11. Bxf6 Qxf6 12. Nd5 Qd8 13. Ne1 a6 14. Nd3
Ba7 15. Qd2 Re8 16. b4 Bf5 17. a4 Be4 18. Bxe4 Rxe4 19. N5f4 Qe7 20. b5 Ne5 21.
bxa6 bxa6 22. Qa5 Rxe2 23. Nxe2 Nf3+ 24. Kg2 Qe4 25. Nef4 g5 26. Qd5 Ne1+ 27.
Kg1 Qxd5 28. Nxd5 Nxd3 29. Rab1 Bc5 30. Rfd1 Ne5 31. Kg2 Rd8 32. Nf6+ Kg7 33.
Ne4 Be7 34. Rb7 Ng6 35. Ra7 d3 36. Rxa6 f5 37. Nd2 Ne5 38. Ra5 Bf6 39. Re1 Nc6
40. Rxf5 Kg6 41. Rc5 Nd4 42. Rd1 Re8 43. Nf3 d2 44. Nxd4 1-0

[Event "36. Abierto Ciudad de Sevilla"]
[Site "Sevilla ESP"]
[Date "2011.01.14"]
[Round "8.14"]
[White "Condenotti, Marco"]
[Black "Das, Arghyadip"]
[Result "1/2-1/2"]
[WhiteElo "2264"]
[BlackElo "2479"]
[PlyCount "41"]
[EventDate "2011.01.07"]
[EventType "swiss"]
[EventRounds "9"]
[EventCountry "ESP"]
[Source "lmi"]
[SourceDate "2011.01.07"]

1. e4 c5 2. Nf3 d6 3. d4 cxd4 4. Nxd4 Nf6 5. Nc3 a6 6. Be2 e6 7. O-O Be7 8. f4
Nc6 9. Be3 O-O 10. Qe1 Nxd4 11. Bxd4 b5 12. Rd1 Qc7 13. e5 dxe5 14. fxe5 Nd7
15. Ne4 Bb7 16. Nf6+ Nxf6 17. exf6 Bc5 18. fxg7 Rfd8 19. Bxc5 Qxc5+ 20. Qf2
Qxf2+ 21. Kxf2 1/2-1/2

[Event "36. Abierto Ciudad de Sevilla"]
[Site "Sevilla ESP"]
[Date "2011.01.14"]
[Round "8.15"]
[White "Urbina Perez, Juan Antonio"]
[Black "Estrada Nieto, Julian"]
[Result "1-0"]
[WhiteElo "2189"]
[BlackElo "2309"]
[PlyCount "45"]
[EventDate "2011.01.07"]
[EventType "swiss"]
[EventRounds "9"]
[EventCountry "ESP"]
[Source "lmi"]
[SourceDate "2011.01.07"]

1. e4 e5 2. Nf3 Nc6 3. Bb5 a6 4. Ba4 Nf6 5. Qe2 b5 6. Bb3 d6 7. c3 Be7 8. d4
O-O 9. Nbd2 exd4 10. cxd4 Bg4 11. Qe3 Na5 12. Bc2 c5 13. O-O Re8 14. dxc5 dxc5
15. e5 Bf8 16. Qg5 Bxf3 17. Nxf3 Nd5 18. Bxh7+ Kxh7 19. Qh5+ Kg8 20. Ng5 Nf6
21. exf6 Qd3 22. Qxf7+ Kh8 23. Qh5+ 1-0

[Event "36. Abierto Ciudad de Sevilla"]
[Site "Sevilla ESP"]
[Date "2011.01.14"]
[Round "8.16"]
[White "Aranaz Murillo, Amalia"]
[Black "Piasetski, Leon"]
[Result "0-1"]
[WhiteElo "2137"]
[BlackElo "2303"]
[PlyCount "44"]
[EventDate "2011.01.07"]
[EventType "swiss"]
[EventRounds "9"]
[EventCountry "ESP"]
[Source "lmi"]
[SourceDate "2011.01.07"]

1. Nf3 f5 2. c4 Nf6 3. g3 d6 4. d4 e6 5. Bg2 Be7 6. O-O O-O 7. Nc3 Qe8 8. Qc2
Qh5 9. e4 Nc6 10. exf5 e5 11. dxe5 Bxf5 12. Qb3 Nxe5 13. Nxe5 dxe5 14. Qxb7 Bc5
15. h4 Bd4 16. Nd5 Bd3 17. Nxf6+ gxf6 18. Qb3 Qg6 19. h5 Qxg3 20. Bh6 Rfb8 21.
Qa3 Rxb2 22. Qxb2 Be4 0-1